000 00298nam a22001337a 4500
008 170328b xxu||||| |||| 00| 0 eng d
020 _a9780781710152
041 _aeng
080 _23 ED
_a615.83
100 _a8
101 _aSHM
245 _aREHABILATION MEDICINE
_cDELISA.J.A
942 _2udc
_cBK
999 _c8800
_d8800